000 00198 a2200097 4500
001 28067
100 _aChilderhose, R
245 _aF-86 SABRE
260 _a
_bARCO Pub
_c1969
090 _c18764
_d18764
942 _aNUST-CAE
_cM
_c9740
999 _c263140
_d263140